000 00573nam a22002297a 4500
003 UA-OsUOA
001 76351
007 ta
008 20110629b un ||||| |||| 00| 0 ukr d
100 _aЯручик Ю.
700 _aКравчук М.
090 _a908
_bЯ78
942 _cSA
040 _aUA-OsUOA
_bukr
_cUA-OsUOA
_dUA-OsUOA
245 _aНіна Матвієнко і рекорд Острозької академії
300 _aС.3
955 _a0
041 _aukr
080 _a908
773 0 _w76350
650 7 _a908 Краєзнавство
_2UDC
999 _c362651
_d362651